000 00558nam a22002057a 4500
001 00260
003 DO-SdBNP
005 20171214073612.0
008 151118b 1995 nyu xxu||||| |||| 00| 0 spa d
020 _a0679882030
040 _aBPMSU
_bspa
_cBPMSU
092 _axxxxxx
_bxxxxxx
245 1 0 _aMick Harte was here /
_cBarbara Park.
260 _aNew York : Knopf :
_bDistributed by Random House,
_c1995.
300 _a89 p.
_c22 cm.
910 _a00260
942 _2ddc
_cBK
945 _ainventariado extranjero / DG
956 _aLorenza Pérez
_b10
999 _c8777
_d8777